000 00802nam a2200265Ia 4500
001 Z_697
003 CHAP
008 220113s1977 xx 000 0 und d
010 _a163790
040 _cCHAP
090 _aTesis V 216
100 _aVelázquez Pérez, Carmelo
_9118604
245 _aEstudio del valor nutritivo de leguminosas en la nutrición de pollos de engorda en iniciación /
_cpor Carmelo Velázquez Pérez
260 _aChapingo, Méx. :
_bEl autor,
_c1977
300 _a43 h.
502 _aTesis (Ing. Agrónomo Esp. en Zootecnia) -- UACH. Departamento de Zootecnia
650 _aAves de corral
_xNutrición
_98672
650 _aLeguminosas
_xValor nutritivo
_965853
901 _aTESIS V 216
902 _aM
910 _a1977
942 _c2
942 _c2
999 _c163790
_d163790